MyGZULibrary

Managerial economics and organizational architecture / (Record no. 2600)

MARC details
000 -LEADER
fixed length control field 01436cam a2200373 a 4500
001 - CONTROL NUMBER
control field 15385896
003 - CONTROL NUMBER IDENTIFIER
control field GZU
005 - DATE AND TIME OF LATEST TRANSACTION
control field 20201104091353.0
008 - FIXED-LENGTH DATA ELEMENTS--GENERAL INFORMATION
fixed length control field 080728s2009 maua b 001 0 eng
010 ## - LIBRARY OF CONGRESS CONTROL NUMBER
LC control number 2008032004
020 ## - INTERNATIONAL STANDARD BOOK NUMBER
International Standard Book Number 9780073375823 (alk. paper)
020 ## - INTERNATIONAL STANDARD BOOK NUMBER
International Standard Book Number 0073375829 (alk. paper)
035 ## - SYSTEM CONTROL NUMBER
System control number (OCoLC)ocn226356767
035 ## - SYSTEM CONTROL NUMBER
System control number (OCoLC)226356767
040 ## - CATALOGING SOURCE
Original cataloging agency DLC
Transcribing agency DLC
Modifying agency BTCTA
-- BAKER
-- C#P
-- BWX
-- DLC
050 00 - LIBRARY OF CONGRESS CALL NUMBER
Classification number HD30.22
Item number .BRI 2009
082 00 - DEWEY DECIMAL CLASSIFICATION NUMBER
Classification number 658
Edition number 22
100 1# - MAIN ENTRY--PERSONAL NAME
Personal name Brickley, James A.
245 10 - TITLE STATEMENT
Title Managerial economics and organizational architecture /
Statement of responsibility, etc. James A. Brickley, Clifford W. Smith, Jerold L. Zimmerman.
250 ## - EDITION STATEMENT
Edition statement 5th ed.
260 ## - PUBLICATION, DISTRIBUTION, ETC.
Place of publication, distribution, etc. Boston :
Name of publisher, distributor, etc. McGraw-Hill Irwin,
Date of publication, distribution, etc. c2009.
300 ## - PHYSICAL DESCRIPTION
Extent xxi, 714 p. :
Other physical details ill. (some col.) ;
Dimensions 27 cm.
490 1# - SERIES STATEMENT
Series statement The McGraw-Hill series in economics
504 ## - BIBLIOGRAPHY, ETC. NOTE
Bibliography, etc. note Includes bibliographical references and index.
650 #0 - SUBJECT ADDED ENTRY--TOPICAL TERM
Topical term or geographic name entry element Managerial economics.
650 #0 - SUBJECT ADDED ENTRY--TOPICAL TERM
Topical term or geographic name entry element Organizational effectiveness.
700 1# - ADDED ENTRY--PERSONAL NAME
Personal name Smith, Clifford W.
700 1# - ADDED ENTRY--PERSONAL NAME
Personal name Zimmerman, Jerold L.,
Dates associated with a name 1947-
830 #0 - SERIES ADDED ENTRY--UNIFORM TITLE
Uniform title McGraw-Hill series in economics.
856 41 - ELECTRONIC LOCATION AND ACCESS
Materials specified Table of contents only
Uniform Resource Identifier <a href="http://www.loc.gov/catdir/toc/ecip0824/2008032004.html">http://www.loc.gov/catdir/toc/ecip0824/2008032004.html</a>
906 ## - LOCAL DATA ELEMENT F, LDF (RLIN)
a 7
b cbc
c orignew
d 1
e ecip
f 20
g y-gencatlg
942 ## - ADDED ENTRY ELEMENTS (KOHA)
Source of classification or shelving scheme Library of Congress Classification
Koha item type Books
Edition 5th ed.
Classification part 30.22
Item part BRI
Call number prefix HD

No items available.